=LDR 00000nam 2200000 4500 =001 NUTBA000000000001388 =005 20241001030028 =035 ##$$a 0010-041400000000658 =008 241001###########################0#ind## =082 ##$$a 028.5 =090 ##$$a 028.5 $b ern i =100 ##$$a Erningpraja, Irianti =245 1#$$a Indahnya malam yang gelap : $b Seri nadia menasehati tanpa menggurui /$c Irianti Erningpraja =260 ##$$a Jakarta :$b Elex Media Komputindo,$c 2009 =300 ##$$a 32 hlm. : $b illus ; $c 27 x 21 cm =850 ##$$a NBPBMAT =020 ##$$a 978-979-27-6110-8 =084 ##$$a 028.5 ERN i =990 ##$$a 0001/BPAP-NTB/20142014 =990 ##$$a 21102039 =990 ##$$a 18811881 =990 ##$$a 21102040 =990 ##$$a 0001/BPAP-NTB/20142014 =990 ##$$a 21102039